Bibliografie vědeckých prací pracovníků OÚNZ : 1. dodatek /

Main Author: Havlíková, Jaroslava
Language: Czech
Published: Žďár nad Sázavou : Okresní ústav národního zdraví, 1971
Physical Description: 1 sv.
Book
Saved in:
LEADER 00763nam a2200181 a 4500
001 000601716
003 CZ BrMZK
005 20200214124139.0
008 020521s1971 xr f cze d
040 |a BOA001  |b cze  |c BOA001 
100 1 |a Havlíková, Jaroslava  |7 mzk2015863729  |4 com 
245 1 0 |a Bibliografie vědeckých prací pracovníků OÚNZ :  |b 1. dodatek /  |c Jaroslava Havlíková 
260 |a Žďár nad Sázavou :  |b Okresní ústav národního zdraví,  |c 1971 
300 |a 1 sv. 
910 |a BOA001  |b X2-0640.396,1971  |b X2-0640.395,1971 
990 |a BK 
996 7 |b 2618841493  |c X2-0640.396,1971  |l MZK  |r Sklad / do 24 hodin  |n 0  |w 000601716  |u 000010  |a 1  |e BOA001  |j MZK50  |s A 
996 6 |b 2618841495  |c X2-0640.395,1971  |l MZK  |r Sklad / do 24 hodin  |n 0  |w 000601716  |u 000020  |a 1  |e BOA001  |j MZK50  |s P